00796nam a22002297a 4500003000400000005001700004008003800021020001600059040002500075082001600100100004700116245005100163250002100214260005300235300002300288500005700311590002700368942001400395952012800409956001200537999001700549OSt20201105103500.0201105b 2005 dr 00| 0 eng d a9993497177  aDO-SdBNPbspacBNPHU bS944m, 20051 aSuero, Ángel Augusto,d1908-1997.97715910aMurallas de Jericó /cÁngel Augusto Suero. a2a ed. corregida aSanto Domingo :bCuesta-Veliz Ediciones, c2005. a286 p. ; c23 cm.  aIncluye datos biográficos del autor en las solapas aInventariado, 2020 /LP 2ddccLBS1 00102ddc708MOaBNPHUbPDcCTd2020-11-05eDonado Fausto A. Piña Merejo l0oS944m, 2005r2020-11-05w2020-11-05yLBS1 aLOPEREZ c49078d49078